Les institutions grecques à l'époque classique.
Saved in:
| Hovedforfatter: | |
|---|---|
| Format: | Bog |
| Udgivet: |
Paris, France:
Armand Colin,
1999.
|
| Udgivelse: | Sixième édition. |
| Serier: | Collection Curcus. Histoire de l'antiquitè.
|
| Fag: | |
| Tags: |
Tilføj Tag
Ingen Tags, Vær først til at tagge denne postø!
|
MARC
| LEADER | 00000nam a22000007a 4500 | ||
|---|---|---|---|
| 003 | CL-VaPUC | ||
| 005 | 20220822114701.0 | ||
| 008 | 220721t1999 ||||| |||| 00| 0 eng d | ||
| 999 | |c 437364 |d 437362 | ||
| 020 | |a 5653163 | ||
| 040 | |c Pontificia Universidad Católica de Valparaíso | ||
| 082 | 7 | |a 938 MOS 1999 |2 22 | |
| 100 | |a Mossé, Claude |9 501202 |e auteur | ||
| 245 | 1 | 4 | |a Les institutions grecques à l'époque classique. |
| 250 | |a Sixième édition. | ||
| 260 | |a Paris, France: |b Armand Colin, |c 1999. | ||
| 300 | |a 154 páginas. | ||
| 490 | |a Collection Curcus. Histoire de l'antiquitè. | ||
| 500 | |a c.1 Donación Familia Prof. Alejandro Guzmán Brito. | ||
| 583 | |c 20220721 |k Cristina María Rojas Aguilar | ||
| 650 | |a Democracia |z Grecia |z Atenas |9 873108 | ||
| 651 | |a Grecia |x Política y gobierno |y hasta 146 d.C. |9 873547 | ||
| 651 | |a Grecia |x Instituciones políticas |9 873548 | ||
| 942 | |2 ddc |c BK |n 0 | ||
| 952 | |0 0 |1 0 |2 ddc |4 0 |6 938_000000000000000_MOS_1999 |7 0 |8 C_AGB |9 585128 |a BIBDER |b BIBDER |d 2022-07-21 |e Donación |i 5653163 |o 938 MOS 1999 |p 5653163 |r 2023-01-25 |t 1 |w 2022-07-21 |y BK_US |k AGB | ||